Faculty of Law Library — Cairo University

Official Online Catalog

L'Évolution De La Conception De La Décision Exécutoire En Droit Administratif Français : (Record no. 75991)

MARC details
000 -LEADER
fixed length control field 01221nam a2200337 i 4500
003 - CONTROL NUMBER IDENTIFIER
control field EG-GICUC
005 - DATE AND TIME OF LATEST TRANSACTION
control field 20260506114229.0
008 - FIXED-LENGTH DATA ELEMENTS--GENERAL INFORMATION
fixed length control field 260506s1974 fr |||fr|||| 000 0 Fre d
020 ## - INTERNATIONAL STANDARD BOOK NUMBER
International Standard Book Number 2275043172
040 ## - CATALOGING SOURCE
Original cataloging agency EG-GiCUC
Language of cataloging fre
Transcribing agency EG-GiCUC
Modifying agency EG-GiCUC
Description conventions Rda
041 0# - LANGUAGE CODE
Language code of text/sound track or separate title fre
082 04 - DEWEY DECIMAL CLASSIFICATION NUMBER
Classification number 345.6044
Item number LA . É
Edition number 21
092 04 - LOCALLY ASSIGNED DEWEY CALL NUMBER (OCLC)
Edition number 21
099 ## - LOCAL FREE-TEXT CALL NUMBER (OCLC)
Classification number Law 07 345.6044 LA . É 1974
100 1# - MAIN ENTRY--PERSONAL NAME
Personal name Lavialle, Christian.
Relator term Auteur
245 10 - TITLE STATEMENT
Title L'Évolution De La Conception De La Décision Exécutoire En Droit Administratif Français :
Number of part/section of a work Tome CXVIII /
Statement of responsibility, etc. Par Christian Lavialle, Marcel Waline; Préface De Paul Couzinet.
264 #1 - PRODUCTION, PUBLICATION, DISTRIBUTION, MANUFACTURE, AND COPYRIGHT NOTICE
Place of production, publication, distribution, manufacture Paris :
Name of producer, publisher, distributor, manufacturer Librairie Generale De Droit Et De Jurisprudence,
Date of production, publication, distribution, manufacture, or copyright notice 1974.
300 ## - PHYSICAL DESCRIPTION
Extent 345 Page :
Dimensions 24 cm.
336 ## - CONTENT TYPE
Source rda contenu
Content type term texte
337 ## - MEDIA TYPE
Source rda medias
Media type term Ordinateur
338 ## - CARRIER TYPE
Source transporteur rda
Carrier type term Ressource en ligne
490 ## - SERIES STATEMENT
Series statement Bibliothéque De Droit Public
504 ## - BIBLIOGRAPHY, ETC. NOTE
Bibliography, etc. note Bibliography: pages 331-336
546 ## - LANGUAGE NOTE
Language note Texte en français
650 1# - SUBJECT ADDED ENTRY--TOPICAL TERM
Topical term or geographic name entry element Droit Administratif
Geographic subdivision France
700 1# - ADDED ENTRY--PERSONAL NAME
Personal name Couzinet, Paul.
Relator term Préfacier
700 1# - ADDED ENTRY--PERSONAL NAME
Personal name Waline, Marcel
Relator term Co-Auteur
856 40 - ELECTRONIC LOCATION AND ACCESS
Uniform Resource Identifier <a href="https://fll.law.cu.edu.eg/fulltext/bks/B07-06062.pdf">https://fll.law.cu.edu.eg/fulltext/bks/B07-06062.pdf</a>
905 ## - Cataloger and Reviser Names
Cataloger Name: Hoda
942 ## - ADDED ENTRY ELEMENTS (KOHA)
Source of classification or shelving scheme Dewey Decimal Classification
Suppress in OPAC No
Koha item type Books
Edition 21
Holdings
Withdrawn status Lost status Source of classification or shelving scheme Materials specified (bound volume or other part) Damaged status Not for loan Home library Current library Date acquired Total checkouts Full call number Barcode Date last seen Copy number Price effective from Koha item type Collection
    Dewey Decimal Classification V118     جــــامعة القــاهرة مكتبة كلية الحقوق - المبنى الرئيسي 06.05.2026   Law1 07 345.6044 LA . É 1974 0706062 V118, C1 B07-06062 06.05.2026 1 06.05.2026 Books  
    Dewey Decimal Classification V118     جــــامعة القــاهرة مكتبة كلية الحقوق - المبنى الرئيسي 06.05.2026   Law1 07 345.6044 LA . É 1974 0706108 V118, C2 B07-06108 06.05.2026 2 06.05.2026 Books القانون الإداري

© All rights reserved — Faculty of Law, Cairo University